AP Top 25 NCAA Basketball Polls - 2024/2025 - Statistics

General Stats
  • This quiz has been taken 198 times
  • The average score is 306 of 375
Answer Stats
Week Rank Conference Answer % Correct
1 7 ACC Duke
97%
2 6 ACC Duke
97%
3 12 ACC Duke
97%
4 11 ACC Duke
97%
5 9 ACC Duke
97%
6 4 ACC Duke
97%
7 5 ACC Duke
97%
8 4 ACC Duke
97%
9 4 ACC Duke
97%
10 4 ACC Duke
97%
11 3 ACC Duke
97%
12 2 ACC Duke
97%
13 2 ACC Duke
97%
14 2 ACC Duke
97%
15 4 ACC Duke
97%
1 1 Big 12 Kansas
95%
2 1 Big 12 Kansas
95%
3 1 Big 12 Kansas
95%
4 1 Big 12 Kansas
95%
5 1 Big 12 Kansas
95%
6 10 Big 12 Kansas
95%
7 8 Big 12 Kansas
95%
8 7 Big 12 Kansas
95%
9 7 Big 12 Kansas
95%
10 11 Big 12 Kansas
95%
11 9 Big 12 Kansas
95%
12 12 Big 12 Kansas
95%
13 11 Big 12 Kansas
95%
14 16 Big 12 Kansas
95%
15 17 Big 12 Kansas
95%
1 2 SEC Alabama
94%
2 2 SEC Alabama
94%
3 8 SEC Alabama
94%
4 9 SEC Alabama
94%
5 10 SEC Alabama
94%
6 7 SEC Alabama
94%
7 6 SEC Alabama
94%
8 5 SEC Alabama
94%
9 5 SEC Alabama
94%
10 5 SEC Alabama
94%
11 4 SEC Alabama
94%
12 4 SEC Alabama
94%
13 4 SEC Alabama
94%
14 3 SEC Alabama
94%
15 2 SEC Alabama
94%
1 21 SEC Florida
94%
2 20 SEC Florida
94%
3 21 SEC Florida
94%
4 18 SEC Florida
94%
5 13 SEC Florida
94%
6 9 SEC Florida
94%
7 7 SEC Florida
94%
8 6 SEC Florida
94%
9 6 SEC Florida
94%
10 8 SEC Florida
94%
11 5 SEC Florida
94%
12 5 SEC Florida
94%
13 5 SEC Florida
94%
14 6 SEC Florida
94%
15 3 SEC Florida
94%
1 11 SEC Auburn
93%
2 5 SEC Auburn
93%
3 4 SEC Auburn
93%
4 4 SEC Auburn
93%
5 2 SEC Auburn
93%
6 2 SEC Auburn
93%
7 2 SEC Auburn
93%
8 2 SEC Auburn
93%
9 2 SEC Auburn
93%
10 2 SEC Auburn
93%
11 1 SEC Auburn
93%
12 1 SEC Auburn
93%
13 1 SEC Auburn
93%
14 1 SEC Auburn
93%
15 1 SEC Auburn
93%
1 19 SEC Texas
93%
1 4 Big 12 Houston
92%
2 8 Big 12 Houston
92%
3 7 Big 12 Houston
92%
4 6 Big 12 Houston
92%
5 17 Big 12 Houston
92%
6 15 Big 12 Houston
92%
7 15 Big 12 Houston
92%
8 15 Big 12 Houston
92%
9 14 Big 12 Houston
92%
10 12 Big 12 Houston
92%
11 10 Big 12 Houston
92%
12 7 Big 12 Houston
92%
13 6 Big 12 Houston
92%
14 5 Big 12 Houston
92%
15 6 Big 12 Houston
92%
1 9 ACC UNC
91%
2 10 ACC UNC
91%
1 23 SEC Kentucky
90%
2 19 SEC Kentucky
90%
3 9 SEC Kentucky
90%
4 8 SEC Kentucky
90%
5 4 SEC Kentucky
90%
6 5 SEC Kentucky
90%
7 4 SEC Kentucky
90%
8 10 SEC Kentucky
90%
9 10 SEC Kentucky
90%
10 6 SEC Kentucky
90%
11 8 SEC Kentucky
90%
12 9 SEC Kentucky
90%
13 12 SEC Kentucky
90%
14 14 SEC Kentucky
90%
15 15 SEC Kentucky
90%
6 14 Big Ten Michigan
90%
7 24 Big Ten Michigan
90%
10 24 Big Ten Michigan
90%
11 20 Big Ten Michigan
90%
12 21 Big Ten Michigan
90%
14 24 Big Ten Michigan
90%
15 20 Big Ten Michigan
90%
6 21 Big Ten Michigan State
87%
7 20 Big Ten Michigan State
87%
8 18 Big Ten Michigan State
87%
9 18 Big Ten Michigan State
87%
10 16 Big Ten Michigan State
87%
11 12 Big Ten Michigan State
87%
12 8 Big Ten Michigan State
87%
13 7 Big Ten Michigan State
87%
14 9 Big Ten Michigan State
87%
15 11 Big Ten Michigan State
87%
1 3 Big East UConn
87%
2 3 Big East UConn
87%
3 2 Big East UConn
87%
4 2 Big East UConn
87%
5 25 Big East UConn
87%
6 18 Big East UConn
87%
7 11 Big East UConn
87%
8 11 Big East UConn
87%
9 11 Big East UConn
87%
10 9 Big East UConn
87%
11 14 Big East UConn
87%
12 19 Big East UConn
87%
13 25 Big East UConn
87%
14 19 Big East UConn
87%
1 12 SEC Tennessee
86%
2 11 SEC Tennessee
86%
3 11 SEC Tennessee
86%
4 7 SEC Tennessee
86%
5 3 SEC Tennessee
86%
6 1 SEC Tennessee
86%
7 1 SEC Tennessee
86%
8 1 SEC Tennessee
86%
9 1 SEC Tennessee
86%
10 1 SEC Tennessee
86%
11 6 SEC Tennessee
86%
12 6 SEC Tennessee
86%
13 8 SEC Tennessee
86%
14 4 SEC Tennessee
86%
15 5 SEC Tennessee
86%
1 6 WCC Gonzaga
84%
2 4 WCC Gonzaga
84%
3 3 WCC Gonzaga
84%
4 3 WCC Gonzaga
84%
5 7 WCC Gonzaga
84%
6 8 WCC Gonzaga
84%
7 13 WCC Gonzaga
84%
8 14 WCC Gonzaga
84%
9 19 WCC Gonzaga
84%
10 18 WCC Gonzaga
84%
11 16 WCC Gonzaga
84%
1 22 Big Ten UCLA
84%
6 24 Big Ten UCLA
84%
7 18 Big Ten UCLA
84%
8 22 Big Ten UCLA
84%
9 15 Big Ten UCLA
84%
10 22 Big Ten UCLA
84%
5 12 Big Ten Oregon
83%
6 12 Big Ten Oregon
83%
7 10 Big Ten Oregon
83%
8 9 Big Ten Oregon
83%
9 9 Big Ten Oregon
83%
10 15 Big Ten Oregon
83%
11 13 Big Ten Oregon
83%
12 15 Big Ten Oregon
83%
13 16 Big Ten Oregon
83%
1 14 Big Ten Purdue
82%
2 13 Big Ten Purdue
82%
3 6 Big Ten Purdue
82%
4 13 Big Ten Purdue
82%
5 8 Big Ten Purdue
82%
6 11 Big Ten Purdue
82%
7 16 Big Ten Purdue
82%
8 21 Big Ten Purdue
82%
9 20 Big Ten Purdue
82%
10 20 Big Ten Purdue
82%
11 17 Big Ten Purdue
82%
12 11 Big Ten Purdue
82%
13 10 Big Ten Purdue
82%
14 7 Big Ten Purdue
82%
15 7 Big Ten Purdue
82%
1 10 Big 12 Arizona
81%
2 9 Big 12 Arizona
81%
3 17 Big 12 Arizona
81%
4 24 Big 12 Arizona
81%
14 20 Big 12 Arizona
81%
15 13 Big 12 Arizona
81%
3 25 Big Ten Illinois
81%
5 19 Big Ten Illinois
81%
8 24 Big Ten Illinois
81%
9 22 Big Ten Illinois
81%
10 13 Big Ten Illinois
81%
11 19 Big Ten Illinois
81%
12 17 Big Ten Illinois
81%
13 18 Big Ten Illinois
81%
14 23 Big Ten Illinois
81%
2 21 Big Ten Ohio State
81%
5 21 SEC Oklahoma
81%
6 13 SEC Oklahoma
81%
7 14 SEC Oklahoma
81%
8 12 SEC Oklahoma
81%
9 12 SEC Oklahoma
81%
10 17 SEC Oklahoma
81%
1 13 SEC Texas A&M
81%
2 23 SEC Texas A&M
81%
3 23 SEC Texas A&M
81%
4 20 SEC Texas A&M
81%
5 22 SEC Texas A&M
81%
6 17 SEC Texas A&M
81%
7 12 SEC Texas A&M
81%
8 13 SEC Texas A&M
81%
9 13 SEC Texas A&M
81%
10 10 SEC Texas A&M
81%
11 11 SEC Texas A&M
81%
12 13 SEC Texas A&M
81%
13 13 SEC Texas A&M
81%
14 10 SEC Texas A&M
81%
15 8 SEC Texas A&M
81%
1 17 Big Ten Indiana
80%
2 16 Big Ten Indiana
80%
3 16 Big Ten Indiana
80%
4 14 Big Ten Indiana
80%
1 5 Big 12 Iowa State
79%
2 7 Big 12 Iowa State
79%
3 5 Big 12 Iowa State
79%
4 5 Big 12 Iowa State
79%
5 6 Big 12 Iowa State
79%
6 3 Big 12 Iowa State
79%
7 3 Big 12 Iowa State
79%
8 3 Big 12 Iowa State
79%
9 3 Big 12 Iowa State
79%
10 3 Big 12 Iowa State
79%
11 2 Big 12 Iowa State
79%
12 3 Big 12 Iowa State
79%
13 3 Big 12 Iowa State
79%
14 8 Big 12 Iowa State
79%
15 10 Big 12 Iowa State
79%
13 22 Big 12 Texas Tech
79%
14 13 Big 12 Texas Tech
79%
15 12 Big 12 Texas Tech
79%
11 23 SEC Georgia
78%
2 22 Big East St. John's
77%
3 22 Big East St. John's
77%
12 20 Big East St. John's
77%
13 15 Big East St. John's
77%
14 12 Big East St. John's
77%
15 9 Big East St. John's
77%
3 19 Big Ten Wisconsin
77%
4 15 Big Ten Wisconsin
77%
5 11 Big Ten Wisconsin
77%
6 20 Big Ten Wisconsin
77%
11 24 Big Ten Wisconsin
77%
12 18 Big Ten Wisconsin
77%
13 17 Big Ten Wisconsin
77%
14 21 Big Ten Wisconsin
77%
15 16 Big Ten Wisconsin
77%
12 22 SEC Missouri
76%
13 20 SEC Missouri
76%
14 15 SEC Missouri
76%
15 21 SEC Missouri
76%
6 16 ACC Clemson
75%
7 25 ACC Clemson
75%
15 23 ACC Clemson
75%
1 8 Big 12 Baylor
74%
2 12 Big 12 Baylor
74%
3 13 Big 12 Baylor
74%
4 17 Big 12 Baylor
74%
5 15 Big 12 Baylor
74%
8 25 Big 12 Baylor
74%
9 25 Big 12 Baylor
74%
11 25 Big 12 Baylor
74%
12 25 ACC Louisville
74%
13 21 ACC Louisville
74%
14 18 Big Ten Maryland
74%
15 25 Big Ten Maryland
74%
1 25 Big Ten Rutgers
73%
2 24 Big Ten Rutgers
73%
3 24 Big Ten Rutgers
73%
1 16 SEC Arkansas
72%
2 18 SEC Arkansas
72%
3 20 SEC Arkansas
72%
4 19 SEC Arkansas
72%
8 23 SEC Arkansas
72%
9 23 SEC Arkansas
72%
1 24 SEC Ole Miss
71%
2 25 SEC Ole Miss
71%
4 23 SEC Ole Miss
71%
5 23 SEC Ole Miss
71%
6 19 SEC Ole Miss
71%
7 17 SEC Ole Miss
71%
8 16 SEC Ole Miss
71%
9 24 SEC Ole Miss
71%
10 23 SEC Ole Miss
71%
11 21 SEC Ole Miss
71%
12 16 SEC Ole Miss
71%
13 23 SEC Ole Miss
71%
14 25 SEC Ole Miss
71%
15 19 SEC Ole Miss
71%
1 15 Big East Creighton
70%
2 14 Big East Creighton
70%
3 14 Big East Creighton
70%
4 21 Big East Creighton
70%
15 24 Big East Creighton
70%
4 25 SEC Miss State
70%
6 25 SEC Miss State
70%
8 19 SEC Miss State
70%
9 17 SEC Miss State
70%
10 14 SEC Miss State
70%
11 15 SEC Miss State
70%
12 14 SEC Miss State
70%
13 14 SEC Miss State
70%
14 22 SEC Miss State
70%
15 22 SEC Miss State
70%
1 18 Big East Marquette
68%
2 15 Big East Marquette
68%
3 15 Big East Marquette
68%
4 10 Big East Marquette
68%
5 5 Big East Marquette
68%
6 6 Big East Marquette
68%
7 9 Big East Marquette
68%
8 8 Big East Marquette
68%
9 8 Big East Marquette
68%
10 7 Big East Marquette
68%
11 7 Big East Marquette
68%
12 10 Big East Marquette
68%
13 9 Big East Marquette
68%
14 11 Big East Marquette
68%
15 18 Big East Marquette
68%
13 24 SEC Vanderbilt
67%
3 10 ACC UNC
66%
4 12 ACC UNC
66%
5 20 ACC UNC
66%
5 16 American Memphis
65%
7 21 American Memphis
65%
9 21 American Memphis
65%
10 19 American Memphis
65%
11 18 AAC Memphis
65%
12 24 American Memphis
65%
13 19 American Memphis
65%
14 17 American Memphis
65%
15 14 American Memphis
65%
5 24 Mtn West SDSU
59%
6 23 Mtn West SDSU
59%
7 23 Mtn West SDSU
59%
8 20 Mtn West SDSU
59%
10 25 Mtn West Utah State
58%
11 22 Mtn West Utah State
58%
10 21 Big 12 West Virginia
58%
12 23 Big 12 West Virginia
58%
4 22 Big East Xavier
55%
1 20 Big 12 Cincinnati
54%
2 17 Big 12 Cincinnati
54%
3 18 Big 12 Cincinnati
54%
4 16 Big 12 Cincinnati
54%
5 14 Big 12 Cincinnati
54%
6 22 Big 12 Cincinnati
54%
7 19 Big 12 Cincinnati
54%
8 17 Big 12 Cincinnati
54%
9 16 Big 12 Cincinnati
54%
5 18 ACC Pitt
46%
7 22 A10 Dayton
36%
No matching quizzes found
Score Distribution
Percent of People with Each Score
Percentile by Number Answered
Your Score History
You have not taken this quiz